Tryckidées: 6 Mekaniskt underverk

Shranjeno v:
Bibliografske podrobnosti
Glavni avtor: Holmström, Ralph (Author)
Format: Knjiga
Jezik:švedščina
Izdano: Estocolmo Vaster Gotlands Tryckeri 1988
Teme:
Oznake: Označite
Brez oznak, prvi označite!

MARC

LEADER 00000nam a2200000 a 4500
001 UCV7729
003 CL-VaPUC
008 890710e19880000SW |||||||||||||||||swe|d
082 0 4 |a 676.2  |b HOL  |2 21 
100 |a Holmström, Ralph  |e author  |9 301870 
245 1 0 |a Tryckidées: 6 Mekaniskt underverk 
300 |a 6 láminas 
942 |c BK 
945 |d 19890710 00:00:00 
260 |a Estocolmo  |b Vaster Gotlands Tryckeri  |c 1988 
650 7 |a PAPEL CLASIFICACION  |2 CL-VaPUC  |9 265464 
583 |a last modification  |c 19890710 00:00:00  |k Rodrigo Vera 
999 |c 213367  |d 213365 
952 |0 0  |1 0  |4 0  |6 676_200000000000000_HOL_1988  |7 0  |8 F  |9 195688  |a BIBARQ  |b BIBARQ  |d 2019-11-14  |i 2636891  |o 676.2 HOL 1988  |p 2636891  |r 2025-01-20  |w 2019-11-14  |y BK_F  |k ARQ